Statistics for NFL team's best RB OAT

Click here to take the quiz!

General Stats

  • This quiz has been taken 128 times
    (87 since last reset)
  • The average score is 15 of 32

Answer Stats

TeamRB% Correct
BrownsJim Brown
88%
LionsBarry Sanders
87%
BearsWalter Payton
84%
CowboysEmmitt Smith
83%
VikingsAdrian Peterson
69%
ChargersLadainian Tomlinson
69%
BroncosTerrell Davis
60%
SteelersJerome Bettis
56%
49ersFrank Gore
55%
RamsMarshall Faulk
55%
GiantsTiki Barber
52%
JaguarsFred Taylor
51%
PackersJim Taylor
51%
RaidersMarcus Allen
51%
TexansArian Foster
49%
JetsCurtis Martin
45%
ColtsEric Dickerson
45%
BillsO.J. Simpson
45%
SeahawksShaun Alexander
44%
BengalsCorey Dillon
39%
CommandersJohn Riggins
37%
ChiefsPriest Holmes
37%
TitansEarl Campbell
36%
RavensJamal Lewis
33%
DolphinsLarry Csonka
32%
PanthersJonathan Stewart
28%
CardinalsOttis Anderson
27%
FalconsWarrick Dunn
23%
SaintsDeuce McAllister
19%
PatriotsSam Cunningham
11%
BuccaneersJames Wilder
5%
EaglesSteve Van Buren
5%

Score Distribution

Percentile by Number Answered

Percent of People with Each Score

Your Score History

You have not taken this quiz since the last reset